| 000 | 00360nam a2200145Ia 4500 | ||
|---|---|---|---|
| 008 | 240404s9999 xx 000 0 und d | ||
| 020 | _a9780713476378 | ||
| 041 | _aEnglish | ||
| 082 | _a686.2 DAV;1 R | ||
| 100 | _aDavis, Graham. | ||
| 245 | 0 | _aQuick solutions to great layouts | |
| 260 |
_c1994 _bBT Batsford _aLondan |
||
| 300 | _a143 | ||
| 942 | _cREF | ||
| 999 |
_c296249 _d296249 |
||